I laboratori tattili /
Propuesta de educación estética integral que pondera la importancia de conocer el mundo y el arte a través del tacto.
Сохранить в:
| Главный автор: | |
|---|---|
| Формат: | |
| Язык: | итальянский |
| Опубликовано: |
Mantua, Italia :
Maurizio Corraini,
2004, c1985
|
| Предметы: | |
| Метки: |
Нет меток, Требуется 1-ая метка записи!
|
MARC
| LEADER | 00000nam^a2200000^a^4500 | ||
|---|---|---|---|
| 001 | 000183565 | ||
| 005 | 20250521000000.0 | ||
| 009 | 20260310102044.806 | ||
| 020 | |a 88-87942-79-X | ||
| 037 | |a Acervo ITESO - Biblioteca | ||
| 041 | |a ITA | ||
| 082 | |a 701. 18 |b MUN | ||
| 100 | |a Munari, Bruno |e (autor) | ||
| 245 | 1 | 2 | |a I laboratori tattili / |c B. Munari. |
| 264 | 4 | |a Mantua, Italia : |b Maurizio Corraini, |c 2004, c1985 | |
| 300 | |a 55 p. | ||
| 336 | |a texto |b txt |2 rdacontenido | ||
| 337 | |a sin mediación |b n |2 rdamedio | ||
| 338 | |a volumen |b nc |2 rdasoporte | ||
| 520 | |a Propuesta de educación estética integral que pondera la importancia de conocer el mundo y el arte a través del tacto. | ||
| 649 | |a XX | ||
| 650 | |a Niños | ||
| 650 | |a Métodos Psicofísicos | ||
| 650 | |a Percepción Táctil | ||
| 650 | |a Sentidos y Sensaciones | ||
| 650 | |a Recepción y Apreciación del Arte | ||
| 650 | |a Psicología y Arte | ||
| 650 | |a Estética | ||
| 650 | |a Arte - |x Estudio y Enseñanza | ||
| 910 | |a Fondo General | ||
| 920 | |a Impresos - Libros | ||
| 930 | |a Colección General | ||
| 905 | |a 101 | ||
| 901 | |a 0500123963 |b IT1 |c ACC |u 20250521 | ||
| 902 | |a https://opac.biblio.iteso.mx/vufind/Record/000183565 | ||